Sata suomalaista jalkapalloilijaa kuvasta - Statistics

General Stats
  • This quiz has been taken 189 times
  • The average score is 21 of 90
Answer Stats
Picture Answer % Correct
Teemu Pukki
99%
Jari Litmanen
96%
Sami Hyypiä
90%
Lukas Hradecky
87%
Joel Pohjanpalo
74%
Paulus Arajuuri
60%
Mikael Forssell
59%
Glen Kamara
58%
Roman Eremenko
57%
Tim Sparv
57%
Markku Kanerva
51%
Robert Taylor
51%
Jussi Jääskeläinen
47%
Robin Lod
45%
Petri Pasanen
44%
Niklas Moisander
42%
Pyry Soiri
38%
Nikolai Alho
37%
Perparim Hetemaj
37%
Teemu Tainio
36%
Aki Riihilahti
35%
Pasi Rautiainen
35%
Mika Väyrynen
33%
Onni Valakari
33%
Sefki Kuqi
33%
Fredrik Jensen
32%
Antti Niemi
31%
Joona Toivio
31%
Rasmus Schüller
31%
Kaan Kairinen
30%
Mika-Matti Paatelainen
28%
Benjamin Källman
26%
Alexander Ring
25%
Daniel O'Shaughnessy
24%
Jesse Uronen
24%
Timo Furuholm
24%
Mika Lehkosuo
23%
Niki Mäenpää
23%
Robert Ivanov
23%
Simo Valakari
23%
Jesse Joronen
21%
Aleksei Eremenko
20%
Jonatan Johansson
20%
Joni Kauko
19%
Mika Kottila
19%
Urho Nissilä
19%
Jarkko Wiss
16%
Hannu Tihinen
15%
Kasper Hämäläinen
15%
Jukka Raitala
14%
Mika Nurmela
14%
Atik Ismail
13%
Antti Pohja
10%
Pekka Lagerblom
10%
Roope Riski
10%
Sebastian Sorsa
10%
Ari Hjelm
9%
Arto Tolsa
9%
Carl Jenkinson
9%
Njazi Kuqi
9%
Åke Lindman
8%
Carljohan Eriksson
8%
Peter Enckelman
8%
Thomas Lam
8%
Vesa Vasara
8%
Aulis Rytkönen
6%
Jallu Rantanen
6%
Joonas Kolkka
6%
Juha Reini
6%
Juho Mäkelä
6%
Roni Porokara
6%
Simon Skrabb
6%
Juhani Ojala
5%
Markus Heikkinen
5%
Berat Sadik
4%
Daniel Sjölund
4%
Kai Pahlman
4%
Peter Kopteff
4%
Teuvo Moilanen
4%
Toni Kallio
4%
Antti Sumiala
3%
Veli Lampi
3%
Ismo Lius
2%
Erkka Petäjä
1%
Janne Saarinen
1%
Jari Ilola
1%
Miika Koppinen
1%
Petri Helin
1%
Paulus Roiha
0%
Toni Kuivasto
0%
No matching quizzes found
Score Distribution
Percent of People with Each Score
Percentile by Number Answered
Your Score History
You have not taken this quiz